| 000 | 00587nmm a2200157Ia 4500 | ||
|---|---|---|---|
| 008 | 251105s9999||||xx |||||||||||||||||und|| | ||
| 041 | _aspa | ||
| 100 | _aFranco Cáceres, Iván | ||
| 245 | 0 |
_aLa intendencia de Valladolid de Michoacán, 1786-1809 : _b Reforma administrativa y exacción fiscal en una región de la Nueva España |
|
| 264 |
_a[México D.C., Mexico] : _bFondo de Cultura Económica, _c2016 |
||
| 300 | _a306 páginas | ||
| 490 | _aHistoria | ||
| 650 | _aHistory of the Americas: Latin America | ||
| 856 | _uhttps://public.digitaliapublishing.com/a/64611 | ||
| 942 | _cCF | ||
| 999 |
_c99490 _d99490 |
||